[Event "Aarhus Chess House Summer IM"]
[Site "Aarhus"]
[Date "2018.07.06"]
[Round "8"]
[White "Miqueu, Jean Philippe"]
[Black "Doluhanova, Evgeniya"]
[Result "1/2-1/2"]
[WhiteElo "2138"]
[BlackElo "2257"]
[PlyCount "131"]
[EventDate "2018.07.01"]
[EventType "tourn"]
[EventRounds "9"]
[EventCountry "DEN"]
[EventCategory "1"]
[SourceTitle "EXT 2020"]
[Source "ChessBase"]
[SourceDate "2019.10.17"]
[SourceVersion "1"]
[SourceVersionDate "2019.10.17"]
[SourceQuality "1"]

1. e4 c5 2. Nf3 Nc6 3. Bb5 g6 4. Bxc6 dxc6 5. d3 Bg7 6. h3 Nf6 7. Nc3 0-0 8. Be3 b6 9. Qd2 e5 10. 0-0 Qd6 11. Bh6 Nh5 12. Bxg7 Nxg7 13. Qh6 f6 14. Nd2 Ne6 15. Nc4 Qc7 16. Ne2 Nf4 17. Nxf4 exf4 18. Rae1 Be6 19. Nd2 a5 20. a3 Qe5 21. Nf3 Qxb2 22. e5 Ra7 23. d4 Bd5 24. exf6 Bxf3 25. Re5 Be2 26. Re1 Qxd4 27. R1xe2 Raf7 28. h4 Qd6 29. Re6 Qd1+ 30. Kh2 f3 31. gxf3 Qd5 32. Kg2 Qh5 33. Qf4 Qf5 34. Qxf5 gxf5 35. Rxc6 Rxf6 36. Ree6 Rxe6 37. Rxe6 Rb8 38. Rc6 Kf7 39. Kg3 Rg8+ 40. Kf4 Rg2 41. Kxf5 Rxf2 42. f4 Rxc2 43. Rxb6 Rc3 44. Rb7+ Ke8 45. Rb5 a4 46. Ra5 Rxa3 47. Rxc5 Rd3 48. Ra5 a3 49. Ra7 h6 50. Ke6 Re3+ 51. Kf6 Re4 52. f5 Rxh4 53. Ra8+ Kd7 54. Rxa3 Rf4 55. Re3 h5 56. Kg6 h4 57. f6 Rg4+ 58. Kf7 Rg3 59. Re4 h3 60. Rd4+ Kc6 61. Rh4 Kd6 62. Kf8 Rf3 63. f7 Ke6 64. Rh6+ Kd7 65. Kg7 Ke7 66. Rxh3 1/2-1/2

[Event "Aarhus Chess House Summer IM"]
[Site "Aarhus"]
[Date "2018.07.05"]
[Round "6"]
[White "Miqueu, Jean Philippe"]
[Black "Guindy, Esmat Susanne"]
[Result "0-1"]
[WhiteElo "2138"]
[BlackElo "2146"]
[PlyCount "104"]
[EventDate "2018.07.01"]
[EventType "tourn"]
[EventRounds "9"]
[EventCountry "DEN"]
[EventCategory "1"]
[SourceTitle "EXT 2020"]
[Source "ChessBase"]
[SourceDate "2019.10.17"]
[SourceVersion "1"]
[SourceVersionDate "2019.10.17"]
[SourceQuality "1"]

1. e4 e6 2. d4 d5 3. e5 c5 4. c3 Nc6 5. Nf3 Qb6 6. a3 Nh6 7. b4 cxd4 8. cxd4 Nf5 9. Bb2 Be7 10. Be2 Bd7 11. 0-0 Rc8 12. Kh1 h5 13. Nc3 Na5 14. Na4 Qc6 15. Rc1 Nc4 16. Bxc4 dxc4 17. Nc3 b5 18. d5 exd5 19. Nxd5 Be6 20. Nxe7 Kxe7 21. Qd2 Rh6 22. Qg5+ Kf8 23. Rfd1 Qc7 24. Rc2 Kg8 25. Bc3 h4 26. h3 Rg6 27. Qf4 Qb7 28. Rcd2 Qe7 29. Kh2 Kh7 30. Qe4 Kg8 31. Qf4 Kh7 32. Nd4 Nxd4 33. Rxd4 Rh6 34. Rd6 Rh5 35. R1d4 g5 36. Qe4+ Kg7 37. Rd1 Rh6 38. Rf1 Rg6 39. f3 Rh8 40. Bd4 Rc8 41. Bc5 Qc7 42. f4 gxf4 43. Rxf4 Rh8 44. Ra6 Qd8 45. Rd6 Qg5 46. Bf2 c3 47. Rf6 c2 48. Rxg6+ fxg6 49. Rxe6 c1Q 50. Rf6 Qc3 51. Re6 Qcg3+ 52. Kg1 Qc1+ 0-1

[Event "Aarhus Chess House Summer IM"]
[Site "Aarhus"]
[Date "2018.07.02"]
[Round "2"]
[White "Skytte, Rasmus"]
[Black "Miqueu, Jean Philippe"]
[Result "1/2-1/2"]
[WhiteElo "2381"]
[BlackElo "2138"]
[PlyCount "165"]
[EventDate "2018.07.01"]
[EventType "tourn"]
[EventRounds "9"]
[EventCountry "DEN"]
[EventCategory "1"]
[SourceTitle "EXT 2020"]
[Source "ChessBase"]
[SourceDate "2019.10.17"]
[SourceVersion "1"]
[SourceVersionDate "2019.10.17"]
[SourceQuality "1"]

1. Nf3 d5 2. c4 c6 3. e3 Nf6 4. Nc3 a6 5. Qc2 g6 6. d4 Bg7 7. Bd3 0-0 8. 0-0 Bg4 9. Ne5 Be6 10. Bd2 Nbd7 11. Nxd7 Nxd7 12. c5 f6 13. Qb3 Rb8 14. e4 Bf7 15. exd5 cxd5 16. Qa3 e5 17. Ne2 Re8 18. Rac1 Rc8 19. b4 Nf8 20. b5 e4 21. Bc2 axb5 22. Qb4 b6 23. cxb6 Qxb6 24. Bb3 f5 25. a4 Rb8 26. a5 Qd8 27. Bf4 Ra8 28. Bc7 Qd7 29. Bb6 Ne6 30. Nc3 Nf4 31. Rc2 Rec8 32. Qxb5 Qxb5 33. Nxb5 Rxc2 34. Bxc2 Ne2+ 35. Kh1 Bf6 36. Ra1 Rc8 37. a6 Rxc2 38. a7 Rc8 39. a8Q Rxa8 40. Rxa8+ Kg7 41. Ra7 Kg8 42. Nd6 Be6 43. Ra8+ Kg7 44. Ne8+ Kf7 45. Nxf6 Kxf6 46. Ra2 Nc1 47. Bd8+ Kf7 48. Ra7+ Kg8 49. Bg5 Ne2 50. Bf6 f4 51. Rg7+ Kf8 52. Rxh7 f3 53. gxf3 exf3 54. h3 Bf5 55. Kh2 Kg8 56. Rh6 Kf7 57. Be5 Kg8 58. Rh8+ Kf7 59. Ra8 Ke7 60. Ra7+ Ke8 61. h4 Kf8 62. Ra6 Ke7 63. Rc6 Be6 64. Rc5 Ke8 65. Ra5 Ke7 66. Ra3 Bg4 67. Re3 Kf7 68. Bh8 Kg8 69. Re8+ Kf7 70. Ra8 Be6 71. Be5 Ke7 72. Ra7+ Bd7 73. Rb7 Ke8 74. Rb6 Bf5 75. Rd6 Be4 76. h5 gxh5 77. Rh6 Kd7 78. Rxh5 Kc6 79. Rh8 Kb5 80. Rc8 Kb4 81. Rc5 Kb3 82. Kh3 Nc3 83. Rxc3+ 1/2-1/2

[Event "DEN-ch cand"]
[Site "Svendborg"]
[Date "2018.03.30"]
[Round "4"]
[White "Brorsen, Jacob Abildlund"]
[Black "Miqueu, Jean Philippe"]
[Result "0-1"]
[WhiteElo "2184"]
[BlackElo "2118"]
[PlyCount "82"]
[EventDate "2018.03.27"]
[EventType "swiss"]
[EventRounds "7"]
[EventCountry "DEN"]
[SourceTitle "EXT 2019"]
[Source "ChessBase"]
[SourceDate "2018.10.10"]
[SourceVersion "1"]
[SourceVersionDate "2018.10.10"]
[SourceQuality "1"]

1. e4 e5 2. Nf3 Nc6 3. Bb5 a6 4. Ba4 Nf6 5. 0-0 Be7 6. d3 b5 7. Bb3 d6 8. a4 Bd7 9. c3 0-0 10. Nbd2 Na5 11. Bc2 c5 12. Re1 Re8 13. h3 Bf8 14. Nf1 g6 15. N3h2 Bg7 16. Ng4 Nxg4 17. hxg4 Be6 18. Ne3 Nc6 19. g3 Ne7 20. f4 f5 21. Bb3 d5 22. exf5 gxf5 23. gxf5 Nxf5 24. Qf3 c4 25. dxc4 bxc4 26. Bc2 e4 27. Qf2 Qd7 28. a5 Qf7 29. Bd1 Kh8 30. Kg2 Rg8 31. Nxf5 Qxf5 32. Rh1 Qf7 33. Bh5 Qf5 34. Be3 Rab8 35. Bb6 Rb7 36. Rh2 Bf6 37. Rah1 Rbg7 38. g4 Rxg4+ 39. Bxg4 Rxg4+ 40. Kf1 Rxf4 41. Rxh7+ Kg8 0-1

[Event "DEN-chT 1718 56th"]
[Site "Denmark"]
[Date "2017.11.18"]
[Round "1.1"]
[White "Miqueu, Jean Philippe"]
[Black "Nielsen, Thomas Bach"]
[Result "0-1"]
[WhiteElo "2118"]
[BlackElo "2146"]
[PlyCount "118"]
[EventDate "2017.11.18"]
[EventType "team-tourn"]
[EventRounds "9"]
[EventCountry "DEN"]
[SourceTitle "CBM 181 Extra"]
[Source "ChessBase"]
[SourceDate "2017.12.12"]
[SourceVersion "1"]
[SourceVersionDate "2017.12.12"]
[SourceQuality "1"]
[WhiteTeam "Copenhagen 68"]
[BlackTeam "BMS"]
[WhiteTeamCountry "DEN"]
[BlackTeamCountry "DEN"]

1. e4 c6 2. d4 d5 3. exd5 cxd5 4. Bd3 Nc6 5. c3 Qc7 6. Ne2 Bg4 7. 0-0 Nf6 8. Qe1 e6 9. f3 Bh5 10. Qh4 Rg8 11. Bf4 Bd6 12. Qg3 Bxf4 13. Nxf4 Bg6 14. Nxg6 Qxg3 15. hxg3 hxg6 16. Nd2 Ke7 17. Rfe1 Rac8 18. Nb3 Rc7 19. Kf2 Nd7 20. a4 Kd6 21. Rad1 Rh8 22. Re2 Rcc8 23. Rde1 a6 24. Rd2 Rh6 25. Red1 Rch8 26. a5 Rh1 27. Bc2 Rxd1 28. Rxd1 Rb8 29. Ra1 Rc8 30. Rh1 Rg8 31. Ke2 e5 32. Kd2 exd4 33. cxd4 Nf8 34. Rh4 Ne6 35. Kc3 Rc8 36. Kd2 Rc7 37. Bd3 g5 38. Rh7 f6 39. Ke3 Re7 40. Kd2 Nexd4 41. Nxd4 Nxd4 42. Rh8 Nb3+ 43. Kc3 Nxa5 44. Rd8+ Ke5 45. f4+ gxf4 46. gxf4+ Kxf4 47. Rxd5 Nc6 48. Bf5 Ne5 49. Bh3 g5 50. Rd6 g4 51. Rxf6+ Kg3 52. Rf8 gxh3 53. gxh3 Kxh3 54. Kd4 Kg4 55. Kd5 Nf7 56. Kc5 Kf5 57. b4 Re5+ 58. Kb6 Rb5+ 59. Kc7 Kf6 0-1

[Event "Aarhus op-A"]
[Site "Aarhus"]
[Date "2017.09.09"]
[Round "4"]
[White "Rasmussen, Karsten"]
[Black "Miqueu, Jean Philippe"]
[Result "1-0"]
[WhiteElo "2440"]
[BlackElo "2106"]
[PlyCount "69"]
[EventDate "2017.09.08"]
[EventType "swiss"]
[EventRounds "7"]
[EventCountry "DEN"]
[SourceTitle "EXT 2018"]
[Source "ChessBase"]
[SourceDate "2017.10.13"]
[SourceVersion "1"]
[SourceVersionDate "2017.10.13"]
[SourceQuality "1"]

1. c4 c6 2. e4 e5 3. Nf3 d6 4. d4 Nd7 5. Nc3 Ngf6 6. Be2 Be7 7. 0-0 0-0 8. Qc2 a6 9. Rb1 b5 10. b4 Bb7 11. dxe5 dxe5 12. c5 Qc7 13. Ne1 Rfe8 14. Nd3 Nf8 15. f4 N6d7 16. f5 h6 17. Be3 Nh7 18. Ne1 Rad8 19. h3 Bc8 20. Nf3 Ndf6 21. g4 Nd7 22. h4 Ndf6 23. Nh2 Kh8 24. Rf2 Bf8 25. g5 Ng8 26. Kh1 a5 27. a3 axb4 28. axb4 Be7 29. Rg1 Rd4 30. Qb3 Bd8 31. Nf3 Rd7 32. Rfg2 f6 33. gxh6 Ree7 34. Nxb5 cxb5 35. Bxb5 1-0

[Event "FRA-ch U26"]
[Site "Nantes"]
[Date "2013.03.24"]
[Round "8"]
[White "Miqueu, Jean Philippe"]
[Black "Sochacki, Wojtek"]
[Result "0-1"]
[WhiteElo "2230"]
[BlackElo "2540"]
[PlyCount "119"]
[EventDate "2013.03.23"]
[EventType "swiss"]
[EventRounds "9"]
[EventCountry "FRA"]
[SourceTitle "CBM 153 Extra"]
[Source "ChessBase"]
[SourceDate "2013.04.22"]
[SourceVersion "1"]
[SourceVersionDate "2013.04.22"]
[SourceQuality "1"]

1. e4 c5 2. Nf3 d6 3. Bb5+ Bd7 4. Bxd7+ Qxd7 5. 0-0 Nf6 6. Qe2 Nc6 7. Rd1 Qg4 8. d3 Ne5 9. h3 Nxf3+ 10. Qxf3 Qxf3 11. gxf3 g6 12. Nc3 Bg7 13. Be3 0-0 14. a4 Rac8 15. Ra3 Rfd8 16. Rb3 Rd7 17. a5 Ne8 18. Ra1 Rc6 19. Ra4 Ra6 20. Nb5 Nc7 21. Nxc7 Rxc7 22. Kf1 Kf8 23. Rb5 Ke8 24. Ra3 Kd7 25. Rab3 Kc6 26. c4 b6 27. axb6 Rxb6 28. Ke2 Rcb7 29. Rxb6+ axb6 30. Kd2 Rb8 31. Kc2 f5 32. Ra3 Kb7 33. b3 Rf8 34. Kd1 fxe4 35. fxe4 Rf3 36. h4 Rh3 37. b4 cxb4 38. Rb3 Bc3 39. Bg5 Rxd3+ 40. Ke2 Rd4 41. f3 e5 42. Be7 Kc6 43. Rb1 Rd2+ 44. Ke3 Rh2 45. Rd1 Bd4+ 46. Kd3 Rf2 47. Rb1 Rxf3+ 48. Ke2 Rf2+ 49. Kd3 Kc5 50. Rb3 Bc3 51. Rb1 Rd2+ 52. Ke3 Kxc4 53. Rf1 Rh2 54. Bxd6 b3 55. Rc1 b2 56. Rb1 Rc2 57. Ba3 Kb3 58. Kd3 Rd2+ 59. Ke3 Kxa3 60. Ra1+ 0-1

[Event "Avoine op 23rd"]
[Site "Avoine"]
[Date "2008.07.26"]
[Round "8"]
[White "Miqueu, Jean Philippe"]
[Black "Sandu, Mihaela"]
[Result "0-1"]
[WhiteElo "2116"]
[BlackElo "2325"]
[PlyCount "84"]
[EventDate "2008.07.19"]
[EventType "swiss"]
[EventRounds "9"]
[EventCountry "FRA"]
[SourceTitle "CBM 125 Extra"]
[Source "ChessBase"]
[SourceDate "2008.09.01"]
[SourceVersion "1"]
[SourceVersionDate "2008.09.01"]
[SourceQuality "1"]

1. e4 c5 2. Nf3 e6 3. c4 Nc6 4. Nc3 e5 5. g3 g6 6. Bg2 Bg7 7. d3 Nge7 8. 0-0 0-0 9. Rb1 d6 10. a3 f5 11. b4 f4 12. bxc5 dxc5 13. Nd5 Qd6 14. a4 h6 15. Nd2 Nd4 16. f3 h5 17. Nb3 g5 18. Ba3 b6 19. Nxd4 exd4 20. Nxe7+ Qxe7 21. g4 hxg4 22. fxg4 Be5 23. Bf3 Bd7 24. Rf2 Rf6 25. Rfb2 Rh6 26. Ra1 Qe8 27. a5 Qc8 28. axb6 axb6 29. Rg2 Rh3 30. Raa2 Rh4 31. Qb3 Rh3 32. Qd1 Ra6 33. Bc1 Qa8 34. Rxa6 Qxa6 35. Rb2 Kg7 36. Kg2 Rh8 37. Qb3 Qa1 38. Rb1 Qc3 39. Qd1 Ra8 40. Rb3 Ra2+ 41. Kg1 Ba4 42. Rxc3 Bxd1 0-1

[Event "Avoine op 22nd"]
[Site "Avoine"]
[Date "2007.07.22"]
[Round "2"]
[White "Gerard, Nicolas"]
[Black "Miqueu, Jean Philippe"]
[Result "1-0"]
[WhiteElo "2276"]
[BlackElo "2103"]
[PlyCount "99"]
[EventDate "2007.07.21"]
[EventType "swiss"]
[EventRounds "9"]
[EventCountry "FRA"]
[SourceTitle "EXT 2010"]
[Source "ChessBase"]
[SourceDate "2010.11.25"]
[SourceVersion "1"]
[SourceVersionDate "2010.11.25"]
[SourceQuality "1"]

1. d4 d5 2. c4 c6 3. Nf3 Nf6 4. e3 a6 5. Ne5 Nbd7 6. Nc3 e6 7. cxd5 exd5 8. f4 Ne4 9. Nxe4 dxe4 10. Qc2 Nf6 11. Bc4 Bb4+ 12. Ke2 0-0 13. a3 Bd6 14. Bd2 Qe7 15. h3 Be6 16. Bxe6 Qxe6 17. g4 Nd5 18. f5 Qe7 19. Nc4 Bc7 20. Rhf1 Rac8 21. b4 b6 22. Bc3 f6 23. Nd2 Rfe8 24. Bb2 Bb8 25. h4 c5 26. dxc5 bxc5 27. Qc4 Qb7 28. bxc5 Qxb2 29. Qxd5+ Kh8 30. Rab1 Qxa3 31. c6 Red8 32. Rxb8 Rxb8 33. c7 Qd3+ 34. Qxd3 exd3+ 35. Kf3 Rdc8 36. cxb8Q Rxb8 37. Ra1 Rb2 38. Rxa6 h5 39. g5 fxg5 40. hxg5 g6 41. Rxg6 Rxd2 42. Rh6+ Kg7 43. f6+ Kf7 44. Rxh5 Ra2 45. Rh7+ Kf8 46. e4 d2 47. Ke2 Ra4 48. Kxd2 Rxe4 49. g6 Ke8 50. Rh8+ 1-0

[Event "Avoine op 21th"]
[Site "Avoine"]
[Date "2006.07.29"]
[Round "8"]
[White "Miqueu, Jean Philippe"]
[Black "Hubert, Raphael"]
[Result "1-0"]
[WhiteElo "2035"]
[BlackElo "1795"]
[PlyCount "47"]
[EventDate "2006.07.22"]
[EventType "swiss"]
[EventRounds "9"]
[EventCountry "FRA"]
[SourceTitle "EXT 2007"]
[Source "ChessBase"]
[SourceDate "2006.11.23"]
[SourceVersion "1"]
[SourceVersionDate "2006.11.23"]
[SourceQuality "1"]

1. e4 e5 2. Nf3 Nc6 3. Bb5 d6 4. 0-0 Bd7 5. c3 Nf6 6. Re1 Be7 7. d4 0-0 8. h3 Re8 9. Nbd2 exd4 10. cxd4 Bf8 11. a3 Ne7 12. Bd3 Ng6 13. Nf1 Bc6 14. Ng3 h6 15. Qc2 Kh7 16. Bd2 Qd7 17. a4 Re7 18. d5 Nxd5 19. exd5 Bxd5 20. Nh4 Qe8 21. Rxe7 Bxe7 22. Nxg6 fxg6 23. Re1 Bc6 24. Bxg6+ 1-0

[Event "Avoine op 21th"]
[Site "Avoine"]
[Date "2006.07.27"]
[Round "6"]
[White "Miqueu, Jean Philippe"]
[Black "Kempinski, Andre"]
[Result "1/2-1/2"]
[WhiteElo "2035"]
[BlackElo "2116"]
[PlyCount "59"]
[EventDate "2006.07.22"]
[EventType "swiss"]
[EventRounds "9"]
[EventCountry "FRA"]
[SourceTitle "EXT 2007"]
[Source "ChessBase"]
[SourceDate "2006.11.23"]
[SourceVersion "1"]
[SourceVersionDate "2006.11.23"]
[SourceQuality "1"]

1. e4 c5 2. Nf3 d6 3. Bb5+ Nd7 4. d4 cxd4 5. Qxd4 a6 6. Bxd7+ Bxd7 7. Nc3 e6 8. Bg5 Nf6 9. 0-0-0 Be7 10. e5 dxe5 11. Nxe5 Bc6 12. Nxc6 bxc6 13. Qc4 Qb6 14. Be3 Qb7 15. Bc5 Bxc5 16. Qxc5 Rb8 17. b3 Qb6 18. Qxb6 Rxb6 19. Na4 Rb7 20. Rd4 Ke7 21. Rhd1 Rc8 22. c4 Rbc7 23. f3 h5 24. Kc2 Nd7 25. Kc3 a5 26. R1d2 g6 27. Rd1 Rb7 28. R1d2 Ra7 29. Rd1 Rb7 30. R1d2 1/2-1/2

[Event "Avoine op 21th"]
[Site "Avoine"]
[Date "2006.07.26"]
[Round "5"]
[White "Druon, Roger"]
[Black "Miqueu, Jean Philippe"]
[Result "1-0"]
[WhiteElo "2148"]
[BlackElo "2035"]
[PlyCount "53"]
[EventDate "2006.07.22"]
[EventType "swiss"]
[EventRounds "9"]
[EventCountry "FRA"]
[SourceTitle "EXT 2007"]
[Source "ChessBase"]
[SourceDate "2006.11.23"]
[SourceVersion "1"]
[SourceVersionDate "2006.11.23"]
[SourceQuality "1"]

1. d4 d5 2. c4 c6 3. Nf3 Nf6 4. e3 a6 5. Nc3 b5 6. b3 Bg4 7. h3 Bxf3 8. Qxf3 e5 9. cxd5 exd4 10. exd4 cxd5 11. g3 Bb4 12. Bg2 Qe7+ 13. Kf1 Nc6 14. Qd3 0-0 15. Bg5 Rfe8 16. Bxf6 Qxf6 17. Nxd5 Qd6 18. Bf3 Rad8 19. Kg2 Ba3 20. Rab1 h6 21. Rhd1 Bb4 22. Rbc1 Rc8 23. Rxc6 Rxc6 24. Nxb4 Rcc8 25. Nd5 Qa3 26. Qf5 Rcd8 27. Be4 1-0

[Event "FRA-ch U18"]
[Site "Calvi"]
[Date "2005.04.20"]
[Round "5"]
[White "Delorme, Alban"]
[Black "Miqueu, Jean Philippe"]
[Result "1-0"]
[WhiteElo "2263"]
[BlackElo "2012"]
[PlyCount "59"]
[EventDate "2005.04.??"]
[EventType "swiss"]
[EventRounds "9"]
[EventCountry "FRA"]
[SourceTitle "EXT 2006"]
[Source "ChessBase"]
[SourceDate "2005.11.24"]
[SourceVersion "1"]
[SourceVersionDate "2005.11.24"]
[SourceQuality "1"]

1. e4 e5 2. d4 exd4 3. Qxd4 Nc6 4. Qe3 Nf6 5. Nc3 Bb4 6. Bd2 0-0 7. 0-0-0 Re8 8. f3 d6 9. g4 Be6 10. Qf2 Nd7 11. h4 Nde5 12. g5 Nc4 13. Bxc4 Bxc4 14. Qg3 Qe7 15. h5 Qe5 16. f4 Qa5 17. g6 h6 18. gxf7+ Bxf7 19. Nge2 Re7 20. f5 Qe5 21. Nf4 Nd4 22. Kb1 c6 23. Rhg1 Rd8 24. Qg4 Qf6 25. Be1 Bxc3 26. Bh4 Qe5 27. Bxe7 Rd7 28. f6 Bxa2+ 29. Kxa2 Rxe7 30. fxe7 1-0

[Event "FRA-chT3 0405"]
[Site "France"]
[Date "2005.02.06"]
[Round "6"]
[White "Miqueu, Jean Philippe"]
[Black "Pagny, Samuel"]
[Result "0-1"]
[WhiteElo "2012"]
[BlackElo "1950"]
[PlyCount "58"]
[EventDate "2004.10.10"]
[EventType "team"]
[EventRounds "9"]
[EventCountry "FRA"]
[SourceTitle "EXT 2007"]
[Source "ChessBase"]
[SourceDate "2006.11.23"]
[SourceVersion "1"]
[SourceVersionDate "2006.11.23"]
[SourceQuality "1"]

1. e4 d6 2. d4 Nf6 3. Nc3 Nbd7 4. Bc4 e5 5. Nf3 Be7 6. 0-0 0-0 7. Re1 c6 8. a4 b6 9. b3 a6 10. d5 c5 11. Bd3 Ne8 12. Ne2 Ndf6 13. Ng3 g6 14. Bh6 Ng7 15. h3 Kh8 16. Nh2 Ng8 17. Bd2 Bg5 18. Bc3 f5 19. exf5 gxf5 20. Nh5 Ra7 21. Qe2 Nxh5 22. Qxh5 Rg7 23. Qe2 Nf6 24. Bc4 Rfg8 25. Qf3 Bf4 26. Bf1 Ne4 27. Rad1 Qh4 28. Re2 Ng5 29. Qd3 Nxh3+ 0-1

[Event "FRA-chT3 0405"]
[Site "France"]
[Date "2004.10.10"]
[Round "1"]
[White "Miqueu, Jean Philippe"]
[Black "Dorion, Ari"]
[Result "1/2-1/2"]
[WhiteElo "2012"]
[BlackElo "2070"]
[PlyCount "99"]
[EventDate "2004.10.10"]
[EventType "team"]
[EventRounds "9"]
[EventCountry "FRA"]
[SourceTitle "EXT 2007"]
[Source "ChessBase"]
[SourceDate "2006.11.23"]
[SourceVersion "1"]
[SourceVersionDate "2006.11.23"]
[SourceQuality "1"]

1. e4 d6 2. d4 g6 3. Nc3 Bg7 4. Be3 c6 5. Be2 Qc7 6. h3 Nd7 7. Nf3 Ngf6 8. 0-0 b6 9. Qd2 a6 10. a4 0-0 11. Rfe1 Bb7 12. Bd3 e5 13. dxe5 dxe5 14. Qe2 b5 15. axb5 axb5 16. Nd2 Nh5 17. Nb3 Rfc8 18. g3 Bf8 19. Red1 Nhf6 20. Kh2 b4 21. Na4 c5 22. Nd2 Bc6 23. b3 Bxa4 24. bxa4 Qb7 25. f3 Rc7 26. Bb5 Nb6 27. Nc4 Nfd7 28. Nxb6 Nxb6 29. a5 Nc8 30. a6 Qa7 31. f4 Nd6 32. fxe5 Nxe4 33. Qf3 Nc3 34. Bc6 Nxd1 35. Rxd1 Rac8 36. Bb7 Re8 37. Bf4 Rce7 38. Qe4 Bg7 39. Re1 c4 40. Re2 Bxe5 41. Bxe5 Rxe5 42. Qxe5 Rxe5 43. Rxe5 Kf8 44. Rb5 b3 45. cxb3 c3 46. Rb4 Qf2+ 47. Bg2 c2 48. Rc4 h5 49. Rxc2 Qb6 50. Rc6 1/2-1/2

[Event "FRA-ch op-A"]
[Site "Le Grand Bornand"]
[Date "2003.??.??"]
[Round "5.2"]
[White "Nazeri, Massoud"]
[Black "Miqueu, Jean Philippe"]
[Result "1/2-1/2"]
[WhiteElo "1920"]
[BlackElo "1760"]
[PlyCount "29"]
[EventDate "2003.??.??"]
[EventType "swiss"]
[EventRounds "9"]
[EventCountry "FRA"]
[SourceTitle "EXT 2004"]
[Source "ChessBase"]
[SourceDate "2003.11.25"]
[SourceVersion "1"]
[SourceVersionDate "2003.11.25"]
[SourceQuality "1"]

1. Nf3 d5 2. c4 c6 3. d4 Nf6 4. Nc3 dxc4 5. a4 Bf5 6. e3 e6 7. Bxc4 Bb4 8. Qb3 a5 9. Bd2 Nbd7 10. Nh4 Bg6 11. Nxg6 hxg6 12. 0-0-0 Nb6 13. f3 Qc7 14. g3 0-0-0 15. Kb1 1/2-1/2